000 00893nam a2200229Ia 4500
999 _c41434
_d41434
001 8096
003 GE_BSU
005 20200120102921.0
008 181216s2013||||ge |||||||||||||| ||geo||
020 _a9789941434389
040 _cGE_BSU
041 _ageo
080 _a53(075) ღ-79
100 _aღომიძე, ხ.
_96224
245 _aფიზიკა :
_b [სახელმძღვ.] /
_c ხ. ღომიძე, ნ. ღომიძე ; რედ. ზურაბ შაშიკაძე.
264 _aბათუმი:
_bბათუმის შოთა რუსთაველის სახ.უნ–ტი,
_c2013.
300 _a702 გვ.;
_b21 სმ.
653 _aფიზიკა
700 _aღომიძე, ნ.
_eავტორი
_96225
700 _a შაშიკაძე, ზ.
_eრედაქტორი
_96226
942 _cBK
_2udc